Every 25,000+ Town/City in Japan: Hokkaido - Statistics

General Stats
  • This quiz has been taken 9 times
  • The average score is 19 of 25
Answer Stats
Letter Population City % Correct
O 168,188 Obihiro
100%
S 2,364,319 Sapporo
100%
A 34,721 Abashiri
75%
A 333,924 Asahikawa
75%
C 98,005 Chitose
75%
D 32,077 Date
75%
E 120,940 Ebetsu
75%
E 69,275 Eniwa
75%
H 254,766 Hakodate
75%
H 47,180 Hokuto
75%
I 58,350 Ishikari
75%
I 74,099 Iwamizawa
75%
K 57,846 Kitahiroshima
75%
K 124,291 Kitami
75%
K 182,263 Kushiro
75%
M 77,189 Muroran
75%
N 28,872 Nemuro
75%
N 50,012 Noboribetsu
75%
O 143,792 Otaru
75%
T 49,311 Takikawa
75%
T 173,761 Tomakomai
75%
W 30,632 Wakkanai
75%
M 25,005 Makubetsu
50%
N 27,790 Nanae
50%
O 43,050 Otofuke
50%
No matching quizzes found
Score Distribution
Percent of People with Each Score
Percentile by Number Answered
Your Score History
You have not taken this quiz